000 00688na a2200241 4500
001 18348
003 MIRAKIL
005 20181213154806.0
008 161117b tu 000 0
040 _aMilas
_btur
_cTR-AnCHP
041 _atur
082 _a383.4956
_bB39g 2006
090 _a383.4956 B39g 2006
100 _aBezaz, Yurda Güven
245 _aGeçmişten günümüze haberleşme ve PTT tarihi
_cYurda Güven Bezaz
260 _aAnkara
_bTürkiye Haber-İş Sendikası
_c2006
300 _axlii, 694 s.
_c30 sm.
500 _aSözlük var.
504 _aKaynakça var.
610 _aPTT
_xTarih
_zTürkiye
650 _aHaberleşme
_xTarih
_zTürkiye
942 _2ddc
_cBKS
999 _c942
_d942